Classical Music- All G's - Statistics

General Stats
  • This quiz has been taken 211 times
  • The average score is 7 of 12
Answer Stats
Answer % Correct
Birth country of the "3 B's" Germany
95%
Composer of "Peer Gynt" and a very popular piano concerto in a minor Grieg
94%
Perhaps the only instrument that rivals the piano in popularity, similar to a lute, but with a flat body and curved sides guitar
87%
20th century American composer whose works include the opera "Porgy and Bess" and countless songs which have remained popular for close to a century Gershwin
84%
Term for a very rapid scale played on the piano by sliding the hand across the keys glissando
84%
Common term for a short appoggiatura grace note
58%
A graceful piece in 4/4 time based on a dance form popular in France in the 17th century gavotte
46%
Liturgical unaccompanied melodies named after a late 6th-century pope Gregorian chant
46%
,Spanish composer who drowned when the ship he and his wife were on was torpedoed by a German U-boat in 1916 Enrique Granados
31%
A very complex masterpiece of canonic techniques by J.S. Bach, with 30 sections Goldberg Variations
28%
One of the above composer's best known works, a suite for piano which has also been arranged for guitar Goyescas
10%
Popular ballet with music by Offenbach Gaite Parisienne
9%
No matching quizzes found
Score Distribution
Percent of People with Each Score
Percentile by Number Answered
Your Score History
You have not taken this quiz